000 00436nam a2200145Ia 4500
008 231217s9999 xx 000 0 und d
041 _aEnglish
082 _a621.31937 SHU;1 R
100 _aShugg, W Tillar Mathes, Kenneth N for
245 0 _aHandbook of electrical and electronic insulating materials
260 _c2002
_bJaico
_aMumbai
300 _axv+598
650 _aelectrical,electronic,insulating,materials
942 _cAA
999 _c173834
_d173834